Music Quiz

Random Music or Lyrics Quiz

Guess the Lyrics: If You Hadn't But You Did Quiz Stats

Quiz not verified by Sporcle

Challenge
Share
Tweet
Embed
Score 0/193 Timer 05:00
0 Plays Today
Lyric % Correct
a
95%
you.
95%
you.
95%
If
95%
you
95%
the
95%
and
95%
and
95%
a
95%
If
95%
you
95%
and
95%
the
95%
If
95%
you
95%
the
95%
and
95%
you
95%
If
95%
a
95%
you,
95%
the
95%
If
95%
you
95%
the
95%
a
95%
a
95%
If
95%
you
95%
If
95%
you
95%
If
95%
you
95%
and
95%
you
95%
and
95%
you
95%
and
95%
you
95%
you
95%
and
95%
you
95%
and
95%
you
95%
and
95%
you
95%
and
95%
I
90%
I
90%
I
90%
I
90%
I
90%
I
90%
I
90%
to
85%
to
85%
to
85%
to
85%
to
85%
did,
85%
had
80%
had
80%
me
80%
had
80%
had
80%
Lyric % Correct
had
80%
had
80%
had
80%
had
80%
had
80%
but
80%
so
80%
he
75%
my
75%
my
75%
do
75%
do
75%
he
75%
my
75%
my
75%
my
75%
do
75%
this,
75%
not
75%
not
75%
go
75%
not
75%
not
75%
what
70%
him.
70%
him.
70%
from
70%
on
70%
with
70%
hadn't.
70%
hadn't,
70%
There
65%
as
65%
heart.
65%
don't
65%
know
65%
I've
65%
I've
65%
got
65%
without
65%
There
65%
as
65%
heart
65%
I've
65%
got
65%
Goodbye
65%
Goodbye
65%
don't
65%
I'm
65%
could
65%
were
65%
goodbye!
65%
goes,
60%
really
60%
goes,
60%
here
60%
been
60%
said
60%
should
60%
have
60%
been
60%
out
60%
have
60%
usual,
55%
man.
55%
Lyric % Correct
about
55%
usual,
55%
man.
55%
He's
55%
made
55%
life
55%
guess.
55%
Joe,
55%
kiss
55%
Joe,
55%
hope
55%
miss
55%
treated
55%
fair
55%
we'd
55%
right
55%
off
55%
off
55%
miss
55%
in
55%
didn't,
55%
didn't,
55%
Breaking
50%
foolish
50%
Tearing
50%
apart.
50%
mess.
50%
square
50%
tiff.
50%
jump
50%
nearest
50%
cliff.
50%
gonna
50%
baby.
50%
told
45%
myself
45%
never
45%
home
45%
nasty,
45%
unfamiliar
45%
Things
45%
what's
45%
diff.
45%
for
45%
weren't.
45%
weren't,
45%
taken
40%
coming
40%
stiff.
40%
smelled
40%
perfume
40%
whiff!
40%
stay
40%
Back
40%
jiff!
40%
went
40%
Ah,
35%
week,
35%
saying
35%
stayed
30%
make
30%
terriff!
30%
cheek
30%

You're not logged in!

Compare scores with friends on all Sporcle quizzes.
Sign Up with Email
OR
Log In

You Might Also Like...

Show Comments

Extras

Top Quizzes Today


Score Distribution

Your Account Isn't Verified!

In order to create a playlist on Sporcle, you need to verify the email address you used during registration. Go to your Sporcle Settings to finish the process.

Report this User

Report this user for behavior that violates our Community Guidelines.

Details: